Papeles históricos (Registro nro. 21352)

Detalles MARC
000 -CABECERA
Longitud fija campo de control 00517nam a2200181 4500
001 - NÚMERO DE CONTROL
Número de control 4529436
003 - IDENTIFICADOR DELl NÚMERO DE CONTROL
Identificador del número de control OSt
005 - FECHA Y HORA DE LA ÚLTIMA TRANSACCIÓN
Fecha y hora de la última transacción 20150616093132.0
008 - CÓDIGOS DE INFORMACIÓN DE LONGITUD FIJA
Códigos de información de longitud fija 850813m1974 slv spa
040 ## - FUENTE DE LA CATALOGACIÓN
Centro catalogador de origen DLC
Centro transcriptor BMC
Centro modificado DLC
082 ## - NÚMERO DE LA CLASIFICACIÓN DECIMAL DEWEY
Númeroo de clasificación 972.84
245 00 - MENCIÓN DE TÍTULO
Título Papeles históricos
Número de parte o sección de la obra Vol. 3 (2ª Parte)
Mención de responsabilidad, etc. Recopilación de Miguel Ángel Gallardo
260 ## - PUBLICACIÓN, DISTRIBUCIÓN, ETC. (PIE DE IMPRENTA)
Lugar de publicación, distribución, etc. San Salvador
Nombre del editor, distribuidor, etc. La Idea
Fecha de publicación, distribución, etc. 1974
300 ## - DESCRIPCIÓN FÍSICA
Extensión 481 p.
Otras características físicas il.
Dimensiones 25 cm
651 24 - PUNTO DE ACCESO ADICIONAL DE MATERIA - NOMBRE GEOGRÁFICO
Nombre geográfico El Salvador
Subdivisión de materia general Historia
9 (RLIN) 3692
700 1# - PUNTO DE ACCESO ADICIONAL - NOMBRE DE PERSONA
Nombre de persona Gallardo, Miguel Ángel
9 (RLIN) 22579
942 ## - ENTRADA DE ELEMENTOS AGREGADOS (KOHA)
Fuente de clasificaión o esquema Dewey Decimal Classification
Koha [por defecto] tipo de item 1- Monografias
Existencias
Suprimido Perdido Fuente de clasificación o esquema Estropeado Restricciones de uso No para préstamo Código de colección Localización permanente Localización actual Localización en estanter&íacute;as Fecha adquisición Fuente de adquisición Número de inventario Préstamos totales Signatura completa Código de barras Fecha última consulta Coste, precio reemplazado Fecha del precio de reemplazo Tipo de item de Koha
NULL NULL Dewey Decimal Classification NULL Prestable NULL NULL Biblioteca Miguel de Cervantes - UNICAES Biblioteca Miguel de Cervantes - UNICAES Sala Principal 12/06/2015 Donación - Romeo Tovar Astorga 029906   972.84 PAP (v. 3) 1031815 12/06/2015 24.00 12/06/2015 1- Monografias
NULL NULL Dewey Decimal Classification NULL Prestable NULL NULL Biblioteca Miguel de Cervantes - UNICAES Biblioteca Miguel de Cervantes - UNICAES Sala Principal 12/06/2015 Donación - Romeo Tovar Astorga 029907   972.84 PAP (v. 3) 1031816 12/06/2015 24.00 12/06/2015 1- Monografias